000 00651nam a2200217Ia 4500
005 20250508150953.0
008 008 250505s9999 xx 000 0 eng d
037 _aTextual
040 _aFEDL
_beng
_cFEDL
041 _aeng
_2eng
084 _a300.7, SAM
_qFEDL
100 _aSamford Clarence D.
_9758083
245 0 _aSocial studies in the secondary school
260 _aNew York, USA
_bMcGraw Hill Book Company
_c1952
300 _a376p.
490 _aMcGraw - Hill in education
650 _aSocial Science - Teaching
_9756799
700 _a Cottle Eugene
_9758084
942 _cTEXL
_h300.7, SAM
999 _c1326808
_d1326808